CE-205, Mechanics of Soilids-II, Course Pack, (Record no. 553613)
[ view plain ]
| 000 -LEADER | |
|---|---|
| fixed length control field | 00509nam a22001457a 4500 |
| 082 ## - DEWEY DECIMAL CLASSIFICATION NUMBER | |
| Classification number | CP-18 |
| Author Mark | Dr Mazhar Iqbal, |
| 100 ## - MAIN ENTRY--PERSONAL NAME | |
| Personal name | Dr Mazhar Iqbal, OD-80/CED-81 |
| 9 (RLIN) | 50881 |
| 245 ## - TITLE STATEMENT | |
| Title | CE-205, Mechanics of Soilids-II, Course Pack, |
| Statement of responsibility, etc. | Dr Mazhar Iqbal, OD-80/CED-81 |
| 260 ## - PUBLICATION, DISTRIBUTION, ETC. | |
| Place of publication, distribution, etc. | MCE |
| Name of publisher, distributor, etc. | Dr Mazhar Iqbal, OD-80/CED-81 |
| Date of publication, distribution, etc. | Fall-Semester-2014 |
| 300 ## - PHYSICAL DESCRIPTION | |
| Extent | Verese Pages |
| Other physical details | Hard Folder |
| Dimensions | 35 CM |
| 526 ## - STUDY PROGRAM INFORMATION NOTE | |
| Program name | 0 |
| Interest level | 0 |
| Reading level | 0 |
| Title point value | CP_18 |
| 650 ## - SUBJECT ADDED ENTRY--TOPICAL TERM | |
| Topical term or geographic name entry element | Course Pack OD-80/CED-81 |
| 9 (RLIN) | 50882 |
| 700 ## - ADDED ENTRY--PERSONAL NAME | |
| Personal name | Amir Jamshed Maj. |
| 9 (RLIN) | 50883 |
| 942 ## - ADDED ENTRY ELEMENTS (KOHA) | |
| Source of classification or shelving scheme | |
| Koha item type | Book |
| Withdrawn status | Lost status | Source of classification or shelving scheme | Damaged status | Not for loan | Permanent Location | Current Location | Date acquired | Total Checkouts | Full call number | Barcode | Date last seen | Date last checked out | Price effective from | Koha item type |
|---|---|---|---|---|---|---|---|---|---|---|---|---|---|---|
| Military College of Engineering (MCE) | Military College of Engineering (MCE) | 11/19/2015 | 3 | CP-18 | MCE-CP-18 | 09/07/2018 | 02/08/2018 | 03/14/2021 | Book |
